01244 a2200313 45000010006000000050017000060080041000230030015000640400040000790800047001192450083001660200022002492640034002713000019003055050207003240410008005311000025005397000037005647000026006017000028006277000024006557000018006797000026006977000029007237000026007527000021007787000026007998560105008253776920260407155644.0260407a2015 arg spa dAR-UNSa-BCEJYS aAR-UNSa-BCEJYSbspacAR-UNSa-BCEJYS a347.1/7(094.4)xCódigo Civil y Comercial10aCódigo Civil y Comercial de la Naciónpaspectos relevantes para contadores a978-987-01-1902-9 1aBuenos Aires :bErreparc2015 a237 p.c21 cm. a1. Parte General - 2. Relaciones de Familia - 3. Derechos personales - 4. Derechos Reales - 5. Transmisión de Derechos por Causa de muerte - 6. Disposiciones comunes a los derechos personales y reales aspa1 aCaranta, Martín R.1 aFavier Dubois, Eduardo Mario (h)1 aCoronello, Silvina E.1 aPerciavalle, Marcelo L.1 aFolco, Carlos Maria1 aVolman, Mario1 aMartín, Julián A.1 aVidal Quera, Gastón F.1 aGarcía, Fernando D.1 aPapa, Rodolfo G.1 aCasal, Armando Miguel41uhttps://biblioeco.unsa.edu.ar/pmb/images/libros/codCivilComercial.jpgyImagen de portadaqimage/jpeg